000 01441nam a2200301 4500
003 EC-UNACH
005 20251124161258.0
006 s||||gr|||| 00| 00
008 150116t9999 mx r gr 000 0 spa d
020 _a978-84-96709-48-5
040 _aEC-UNACH
_cEC-UNACH
041 _aspa
082 0 4 _223
_a333.7
_bL018384
110 _aEdiciones Mundi-Prensa
245 _aCambio Climático: Causas, Consecuencias y Soluciones
250 _aPrimera edición
264 _aEspaña
_bEdiciones Mundi-Prensa
_c2010
300 _a200
505 _aCapitulo 1.- El medioambiente, problemas del excesivo consumo energético. Capitulo 2.- Los contaminantes. Capitulo 3.- Efectos de los contaminantes Capitulo 4.- Los transportes Capitulo 5.- Conceptos básicos de las energías secundarias que consumimos. Capitulo 6.- Biomasa Capitulo 7.- Geotermia Capitulo 8.- Energía solar Capitulo 9.- Energía nuclear Capitulo 10.- La eólica Capitulo 11.- Energía hidráulica. Capitulo 12.- Energía undimotriz. Capitulo 13.-Tratamientos del agua. Capitulo 14.- La captura del co2. Capitulo 15.- Conclusiones. generalidades. - análisis.- conclusión final.
650 _aMEDIOAMBIENTE
650 _aLOS CONTAMINANTES
650 _aENERGIA NUCLEAR
700 _aCarlos Gonzáles Armada
942 _2ddc
_c1
999 _c14214